Countries with Same-Sex Marriage - Statistics

General Stats
  • This quiz has been taken 68 times
    20 since last reset
  • The average score is 16 of 23
Answer Stats
Hint Answer % Correct
2005 Canada
88%
2014 Great Britain
88%
2015 United States
88%
2013 France
82%
2009 Sweden
82%
2012 Denmark
76%
2017 Finland
71%
2017 Germany
71%
2015 Ireland
71%
2001 Netherlands
71%
2009 Norway
71%
2010 Portugal
71%
2003 Belgium
65%
2013 Brazil
65%
2010 Iceland
65%
2013 New Zealand
65%
2005 Spain
65%
2010 Argentina
59%
2016 Colombia
53%
2009 Mexico (Only in 10 jurisdictions)
53%
2015 Luxembourg
47%
2006 South Africa
47%
2013 Uruguay
47%
No matching quizzes found
Score Distribution
Percent of People with Each Score
Percentile by Number Answered
Your Score History
You have not taken this quiz since the last reset